1253 1413 1585 1301 1043 1308 1891 1607 1038 1792 1454 1523 1441 1739 1430 1982 1630 1528 1570 1647 1571 1060 1522 1121 1271 1011 1263 1425 1398 1332 1742 1512 1709 1586 1869 1892 1189 1902 1620 1271 1936 1617 1819 1905 1206 1044 1551 1319 1597 1538 1138 1906 1382 1038 1831 1894 1594 1966 1554 1629 1106 1709 1230 1917 1933 1293 1886 1398 1006 1270 1748 1604 1675 1753 1439 1990 1055 1203 1725 1113 1576 1729 1607 1729 1565 1450 1163 1653 1624 1067 1788 1609 1754 1129 1934 1136 1651 1971 1993 BCNSPRNW ULIB Ver.6.0+V

เปลี่ยนเป็นภาษาไทย

Change to English
 แสดงรายละเอียดบรรณานุกรม
  กลับหน้าหลัก

Brief Record : Get Marc (ISO 2709) : E-mail record : QR code < ปิดหน้าต่าง
LEADER : 00000nam 2200000uu 4500
001    13399109122
003     ULIB
008    110322s2550||||th 000 0 tha d
020    9789749457795
050  4 BF723.C5^bด915ส 2550
100 1  เดอ โบโน, เอ็ดเวิร์ด,^dค.ศ. 1933-
245 10 สอนเด็กให้คิดเป็น =^bTeach your child how to think /^cโดยEdward de Bono ; แปลและเรียบเรียงโดย อรอุมา ราชคฤค์
246 31 Teach your child how to think
250    พิมพ์ครั้งที่ 2
260    กรุงเทพฯ :^bเอ็กซเปอร์เน็ท,^c2550
300    458 หน้า :^bภาพประกอบ ;^c21 ซม.
650  7 การรู้คิดในเด็ก
650  7 ความคิดและการคิด
650  7 ทักษะทางการคิด
700 0  อรอุมา ราชคฤค์,^eผู้แปล
700 12 De Bono, Edward.,^d1933- .^tTeach your child how to think
945    ^p350^l0^i029921
945    ^p350^l0^i029922
995    เกษร
999 ^a ใช้งานได้ทุกระบบ
รายการนี้ยังไม่มีแท็ก
คุณยังไม่ได้ล็อกอิน คุณสามารถมีกิจกรรมร่วมกับเว็บไซต์ได้ แต่ต้องล็อกอินก่อน ::
  ล็อกอิน

รายการสื่อสารสนเทศ

ลำดับที่ ประเภท เลขเรียก/บาร์โค้ด สถานที่ สถานะ
- ไม่พบข้อมูล -

รายการใกล้เคียง
    หัวเรื่อง [การรู้คิดในเด็ก]
    หัวเรื่อง [ความคิดและการคิด]
    หัวเรื่อง [ทักษะทางการคิด]

BibComment


ยังไม่เคยถูกคอมเมนท์

คอมเมนท์ทรัพยากรรายการนี้
  คอมเมนท์: สอนเด็กให้คิดเป็น..


 Copyright 2026. Bcnsprnw @Library